000 00905nam a22002177a 4500
001 BD-DhSAU 3748
003 BD-DhSAU
005 20150209141353.0
008 150209b1988 bg a||||r|||| 000 0 ben d
040 _aBD-DhSAU
082 _222
_a৬৩১.৮১
_bশহিসা
100 _aইসলাম, মোঃ শহিদুল
245 _aসার ব্যবহার নির্দেশিকা /
_cমোঃ শহিদুল ইসলাম ও মোঃ সদরুল আমিন
260 _aঢাকা :
_bসাজু প্রিন্টিং প্রেস,
_c১৯৮৮.
300 _aviii, ২৮৬ পৃ. :
_bচিত্র ;
_c২২ সেমি।
590 _ajoy
650 _aমৃত্তিকাবিজ্ঞান।
650 _aSoil science.
650 _aসার ব্যবহার।
700 _aআমিন, মোঃ সদরুল
942 _2ddc
_cBOOK
999 _c3748
_d3748